000 00692nam a2200205Ia 4500
003 OSt
005 20240801114444.0
008 210210b1984 xxu||||| |||| 00| 0 eng d
040 _cAL
041 _akan
082 _aK894.8 NAGK
100 _aNAGARAJU (T) mattu ARJUNADEVA (N) Ed
_9174727
_dನಾಗರಾಜು ಟಿ ಮತ್ತು ಅರ್ಜುನದೇವ ಎನ್
245 _aKaivara kaivalya:
_bಕವಿವರ ಕೈವಲ್ಯ
260 _aKolara
_bAkhila Bharata Aivattaraneya Kannada Sahitya Sammelana
_c1984
300 _a138
650 _aKannada Sahitya Sammelana Kaivara
_9174728
690 _aKannada Miscellaneous
_9174729
906 _a036773
942 _2ddc
_cBK
999 _c87052
_d87052